00505nam a22001577a 450000500170000000800410001702000140005804100120007208200140008410000290009824501020012725000190022926000470024830000260029565000260032120231106115806.0231106b |||||||| |||| 00| 0 eng d a070211863 aEnglish a346.5 MEY aMeyerowitz, D lEnglish  a1986 Cumulative Supplement to the Law and Practice of Administration of Estates / cD Meyerowitz  aFifth Edition  aCape Town : bJuta and Company Ltd, c1987 b139 pages ; c25 cm.  aLegal practice bLaw